| 000 | 00600nam a2200193 i 4500 | ||
|---|---|---|---|
| 001 | 59615 | ||
| 003 | ES-MaACL | ||
| 005 | 20231227180009.0 | ||
| 007 | t| | ||
| 008 | 031030s1962 sp ||||1| spa d | ||
| 100 | 1 |
_aEntrambasaguas, Joaquín de, _d1904-1995 _947309 |
|
| 245 | 1 | 0 |
_a[Lope de Vega y su tiempo _b: estudio especial de El villano en su rincón / _cJoaquín de Entrambasaguas]. |
| 260 |
_aBarcelona : _bTeide, _c[1962] |
||
| 300 |
_a2 v. ; _c23 cm. |
||
| 490 | 1 | _aHilani | |
| 830 | 0 |
_aHilani _9230524 |
|
| 852 |
_aES-MaACL _jC-22091-2 _bR.50522 |
||
| 999 |
_c59615 _d59615 |
||